Ժամագիրք Հայաստանեայց Սուրբ Եկեղեցւոյ / (Record no. 537071)
[ view plain ]
| 000 -LEADER | |
|---|---|
| fixed length control field | 00984nam a2200241 a 4500 |
| 001 - CONTROL NUMBER | |
| control field | 2031822 |
| 003 - CONTROL NUMBER IDENTIFIER | |
| control field | AM-YEHGA |
| 005 - DATE AND TIME OF LATEST TRANSACTION | |
| control field | 20251110112139.0 |
| 008 - FIXED-LENGTH DATA ELEMENTS--GENERAL INFORMATION | |
| fixed length control field | 250918s1947 is |||||||||||||||0 arm|d |
| 040 ## - CATALOGING SOURCE | |
| Original cataloging agency | AM-YEHGA |
| 041 0# - LANGUAGE CODE | |
| Language code of text/sound track or separate title | arm |
| 245 00 - TITLE STATEMENT | |
| Title | Ժամագիրք Հայաստանեայց Սուրբ Եկեղեցւոյ / |
| Statement of responsibility, etc. | Արարեալ Ս. Սահակայ Հայրապետի եւ Մեսրոպայ Վարդապետի, Գիւտոյ եւ Յովհաննու Մանդակունւոյ. |
| 250 ## - EDITION STATEMENT | |
| Edition statement | Զ տպագրութիւն |
| 260 ## - PUBLICATION, DISTRIBUTION, ETC. | |
| Place of publication, distribution, etc. | Երուսաղէմ : |
| Name of publisher, distributor, etc. | տպ. Սրբոյ Յակոբեանց, |
| Date of publication, distribution, etc. | 1947. |
| 300 ## - PHYSICAL DESCRIPTION | |
| Extent | 672 էջ |
| 650 14 - SUBJECT ADDED ENTRY--TOPICAL TERM | |
| Topical term or geographic name entry element | Կրոնական տոներ և արարողություններ |
| 650 14 - SUBJECT ADDED ENTRY--TOPICAL TERM | |
| Topical term or geographic name entry element | Ժամագիրք |
| 9 (RLIN) | 4501 |
| 700 0# - ADDED ENTRY--PERSONAL NAME | |
| Personal name | Սահակ Պարթև, |
| Dates associated with a name | 348-439 |
| 9 (RLIN) | 4900 |
| 700 0# - ADDED ENTRY--PERSONAL NAME | |
| Personal name | Մեսրոպ Մաշտոց, |
| Dates associated with a name | 362-440 |
| 9 (RLIN) | 4901 |
| 700 0# - ADDED ENTRY--PERSONAL NAME | |
| Personal name | Գիւտ Մանդակունի |
| 700 0# - ADDED ENTRY--PERSONAL NAME | |
| Personal name | Հովհան Մանդակունի, |
| Dates associated with a name | 403-490 |
| 942 ## - ADDED ENTRY ELEMENTS (KOHA) | |
| Source of classification or shelving scheme | Universal Decimal Classification |
| Koha item type | Գրքեր / Books |
| Withdrawn status | Lost status | Source of classification or shelving scheme | Damaged status | Not for loan | Collection | Home library | Current library | Date acquired | Total checkouts | Full call number | Barcode | Date last seen | Price effective from | Koha item type | Public note |
|---|---|---|---|---|---|---|---|---|---|---|---|---|---|---|---|
| Universal Decimal Classification | Zhamkochyan Individual collection | Fundamental Scientific Library | Fundamental Scientific Library | 18/09/2025 | Ժամ/1781 | FL0694124 | 18/09/2025 | 08/10/2025 | Գրքեր / Books | ILL Non-Circ. |
ՀՀ Գիտությունների ազգային ակադեմիայի հիմնարար գիտական գրադարան = Fundamental Scientific Library of NAS RA
All site content, except where otherwise noted, is licensed under a